|
|
|
|
| LEADER |
00000cam a2200000 7i4500 |
| 001 |
0000000834 |
| 002 |
000000937 |
| 005 |
20080908.0 |
| 020 |
|
|
|a 9679784134
|
| 090 |
0 |
0 |
|a 371.103
|b BEA
|
| 100 |
1 |
|
|a Bean, Reynold
|
| 245 |
1 |
0 |
|a How to help your child succeed in school :
|b a handy resource for parents and teachers who care
|c Renold Bean ; foreword by Prof.Chiam Heng Keng
|
| 260 |
|
|
|a Petaling Jaya :
|b Pelanduk Publications ,
|c 1992
|
| 300 |
|
|
|a 75p. :
|b ill ;
|c 21cm.
|
| 490 |
0 |
|
|a The Whole Child Series
|
| 650 |
0 |
0 |
|a Education
|x Parent participation
|
| 650 |
0 |
0 |
|a Parent-teacher relationships
|
| 700 |
0 |
|
|a Chiam Heng Keng
|f Prof
|
| 999 |
|
|
|a 031036
|b BUKU
|c PINJAMAN
|e PERPUSTAKAAN KOMUNITI PETALING JAYA
|
| 999 |
|
|
|a 031037
|b BUKU
|c PINJAMAN
|e PERPUSTAKAAN KOMUNITI PETALING JAYA
|